गबन / (Record no. 13857)
[ view plain ]
| 000 -LEADER | |
|---|---|
| fixed length control field | 01033nam a22002417a 4500 |
| 005 - DATE AND TIME OF LATEST TRANSACTION | |
| control field | 20080623121827.0 |
| 008 - FIXED-LENGTH DATA ELEMENTS--GENERAL INFORMATION | |
| fixed length control field | 080623t xxu||||| |||| 00| f hin d |
| 010 ## - LIBRARY OF CONGRESS CONTROL NUMBER | |
| LC control number | HIN-83570 |
| 020 ## - INTERNATIONAL STANDARD BOOK NUMBER | |
| Terms of availability | 275.00 |
| International Standard Book Number | 9788190511766 |
| 035 ## - SYSTEM CONTROL NUMBER | |
| System control number | HN-55916 |
| 037 ## - SOURCE OF ACQUISITION | |
| Stock number | पु.प्र.अ.प्र/प्रका |
| 040 ## - CATALOGING SOURCE | |
| Original cataloging agency | DPL |
| Language of cataloging | HN |
| 082 ## - DEWEY DECIMAL CLASSIFICATION NUMBER | |
| Classification number | उ / प्रेमच |
| 100 ## - MAIN ENTRY--PERSONAL NAME | |
| Personal name | प्रेमचन्द |
| 245 ## - TITLE STATEMENT | |
| Title | गबन / |
| Statement of responsibility, etc | प्रेमचन्द |
| 246 ## - VARYING FORM OF TITLE | |
| Title proper/short title | Gaban |
| Remainder of title | by Premchand |
| 260 ## - PUBLICATION, DISTRIBUTION, ETC. (IMPRINT) | |
| Place of publication, distribution, etc | दिल्ली |
| Name of publisher, distributor, etc | राही प्रकाशन |
| Date of publication, distribution, etc | 2007 |
| 270 ## - ADDRESS | |
| Address | एल 45, गली नं.5, करतार नगर |
| City | दिल्ली |
| Postal code | 110053 |
| 300 ## - PHYSICAL DESCRIPTION | |
| Extent | 264पृ |
| Dimensions | 22सेमी(सजिल्द) |
| 650 ## - SUBJECT ADDED ENTRY--TOPICAL TERM | |
| Topical term or geographic name as entry element | Hindi Novels |
| 942 ## - ADDED ENTRY ELEMENTS (KOHA) | |
| Koha item type | Hindi Books |
| Source of classification or shelving scheme | Dewey Decimal Classification |
| Classification part | उ |
| Call number suffix | प्रेमच |
| Withdrawn status | Lost status | Damaged status | Not for loan | Collection code | Home library | Current library | Date acquired | Source of acquisition | Cost, normal purchase price | Total Checkouts | Full call number | Barcode | Date last seen | Copy number | Cost, replacement price | Price effective from | Koha item type |
|---|---|---|---|---|---|---|---|---|---|---|---|---|---|---|---|---|---|
| Not For Loan | Non-fiction | D.B.Act.Division | D.B.Act.Division | 23/06/2008 | पु.प्र.अ.प्र /प्रका | 275.00 | उ प्रेमच | HN-55916 | 15/09/2008 | 1 | 275.00 | 15/09/2008 | Hindi Books |
